The christian as citizen

-д хадгалсан:
Номзүйн дэлгэрэнгүй
Үндсэн зохиолч: Bennett, John C (Зохиогч)
Формат: Ном
Хэл сонгох:англи
Хэвлэсэн: Nueva York Association Press 1955
Цуврал:World Christian Books
Нөхцлүүд:
Шошгууд: Шошго нэмэх
Шошго байхгүй, Энэхүү баримтыг шошголох эхний хүн болох!

MARC

LEADER 00000nam a2200000 a 4500
001 UCH8893
003 CL-VaPUC
008 091217e19550000US |||||||||||||||||eng|d
082 0 4 |a 262  |b BEN  |2 21 
100 0 |a Bennett, John C  |e author  |9 545624 
245 1 4 |a The christian as citizen 
300 |a 93 p 
942 |c BK 
945 |d 20091217 00:00:00  |a rbrito 
260 |a Nueva York  |b Association Press  |c 1955 
650 0 |a Teología social  |9 326726 
650 0 |a Teología social de la Iglesia  |9 378196 
583 |a last modification  |c 20091217 00:00:00  |k Rodrigo Vera 
490 0 |a World Christian Books 
999 |c 338974  |d 338972 
952 |0 0  |1 0  |4 0  |6 262_000000000000000_BEN_1955  |7 0  |8 A  |9 432287  |a BIBTEO  |b BIBTEO  |d 2019-11-22  |i 4611683  |o 262 BEN 1955  |p 4611683  |r 2025-01-17  |w 2019-11-22  |y BK  |k ICR